=LDR 00000nam 2200000 4500 =001 INLIS000000000051123 =005 20260529041143 =035 ##$$a 0010-0817000306 =008 260529################g##########0#ind## =020 ##$$a 978-602-7996-93-9 =082 ##$$a R. 495.603 =084 ##$$a R. 495.603 TAF k =100 #$$a Tafi' Kawali =245 1#$$a Kamus kosakata serapan bahasa jepang /$c Tafi' Kawali =250 ##$$a Cet. 1 =260 ##$$a Jogjakarta :$b Trans Idea Publishing,$c 2015 =300 ##$$a 300 hlm ; $c 19 x 12 cm. =650 #4$$a Bahasa Jepang - Kamus Kosakata Serapan =990 ##$$a 21703000 =990 ##$$a 21702999 =990 ##$$a 21702998 =990 ##$$a 21702997 =990 ##$$a 21702996 =990 ##$$a 21703000 =990 ##$$a 21702999 =990 ##$$a 21702998 =990 ##$$a 21702997 =990 ##$$a 21702996 =990 ##$$a 21702998 =990 ##$$a 21703000 =990 ##$$a 21702999 =990 ##$$a 21702997 =990 ##$$a 21702996 =990 ##$$a 21702999 =990 ##$$a 21703000 =990 ##$$a 21702998 =990 ##$$a 21702997 =990 ##$$a 21702996 =990 ##$$a 21702997 =990 ##$$a 21703000 =990 ##$$a 21702999 =990 ##$$a 21702998 =990 ##$$a 21702996 =990 ##$$a 21702996 =990 ##$$a 21703000 =990 ##$$a 21702999 =990 ##$$a 21702998 =990 ##$$a 21702997